书目信息 |
| 题名: |
实用软件设计模式教程习题解答与实验指导
|
|
| 作者: | 徐宏喆 编著 | |
| 分册: | ||
| 出版信息: | 北京 清华大学出版社 2010.11 |
|
| 页数: | 138页 | |
| 开本: | 26cm | |
| 丛书名: | 高等学校教材 | |
| 单 册: | ||
| 中图分类: | TP311.5 | |
| 科图分类: | ||
| 主题词: | 软件设计--ruan jian she ji--高等学校--教材 | |
| 电子资源: | ||
| ISBN: | 978-7-302-23356-5 | |
| 000 | 01234nam 2200301 450 | |
| 001 | B00000091962 | |
| 005 | 20110712164800.60 | |
| 010 | @a978-7-302-23356-5@dCNY16.00 | |
| 100 | @a20101110d2010 em y0chiy50 ea | |
| 101 | 0 | @achi |
| 102 | @aCN@b110000 | |
| 105 | @aa z 000yy | |
| 106 | @ar | |
| 200 | 1 | @a实用软件设计模式教程习题解答与实验指导@Ashi yong ruan jian she ji mo shi jiao cheng xi ti jie da yu shi yan zhi dao@f徐宏喆 ... [等] 编著 |
| 210 | @a北京@c清华大学出版社@d2010.11 | |
| 215 | @a138页@d26cm | |
| 225 | 2 | @a高等学校教材@Agao deng xue jiao jiao cai@i计算机科学与技术 |
| 304 | @a其他责任者还有: 王建新, 朝鲁蒙, 汪宁波, 孙瑜 | |
| 304 | @a封面责任者题:徐宏喆、王建新、朝鲁蒙等编著,编著者还有:王建新、朝鲁蒙、汪宁波、孙瑜 | |
| 330 | @a本书分为两部分,第一部分为配套教材的知识点总结和习题解答;第二部分为实验指导,共七个实验,指导熟悉VS2008开发环境。 | |
| 333 | @a可以作为大学计算机专业本科生、研究生学习设计模式的基础教材,也可以作为从事软件研究和开发相关人员的参考书 | |
| 410 | 0 | @12001 @a高等学校教材 |
| 586 | @a | |
| 606 | 0 | @a软件设计@Aruan jian she ji@x高等学校@j教材 |
| 690 | @aTP311.5@v5 | |
| 701 | 0 | @a徐宏喆@Axu hong zhe@4编著 |
| 801 | 0 | @aCN@c20110610 |
| 905 | @dTP311.5@eX720@f3 | |
| 实用软件设计模式教程习题解答与实验指导/徐宏喆 ... [等] 编著.-北京:清华大学出版社,2010.11 |
| 138页;26cm.-(高等学校教材.计算机科学与技术) |
| 使用对象:可以作为大学计算机专业本科生、研究生学习设计模式的基础教材,也可以作为从事软件研究和开发相关人员的参考书 |
| ISBN 978-7-302-23356-5:CNY16.00 |
| 本书分为两部分,第一部分为配套教材的知识点总结和习题解答;第二部分为实验指导,共七个实验,指导熟悉VS2008开发环境。 |
| ● |
| 相关链接 |
|
|
|
正题名:实用软件设计模式教程习题解答与实验指导
索取号:TP311.5/X720
 
预约/预借
| 序号 | 登录号 | 条形码 | 馆藏地/架位号 | 状态 | 备注 |
| 1 | 882702 | 208827028 | 自科库301/301自科库 79排2列2层/ [索取号:TP311.5/X720] | 在馆 | |
| 2 | 882703 | 208827037 | 自科库301/301自科库 79排2列2层/ [索取号:TP311.5/X720] | 在馆 | |
| 3 | 882704 | 208827046 | 自科库301/301自科库 79排2列2层/ [索取号:TP311.5/X720] | 在馆 |